000 02354nam a22002177a 4500
999 _c58720
_d58720
003 Ge_BSU
005 20230331125734.0
008 220707s2022ge xxu||||| |||| 00| 0 geo d
041 _ageo
080 _a33 ბ-19
100 _aბაკურიძე,სოფიო
_914302
245 _aრეკრეაციული და სამკურნალო ტურიზმის განვითარების შესაძლებლობები ატიპიური ეკონომიკური კრიზისის პირობებში( აჭარის ავტონომიური რესპუბლიკის მაგალითზე)
_bდისერტაცია: /
_cსოფიო ბაკურიძე, სამეცნ.ხელმძღ.რეზო მანველიძე
264 _aბათუმი:
_bბათუმის შოთა რუსთაველის სახელმწიფო უნივერსიტეტი,
_c2022.
300 _a164 გვ.:
_c30 სმ.
653 _aრეკრეაციული და სამკურნალო ტურიზმის განვითარების შესაძლებლობები ატიპიური ეკონომიკური კრიზისის პირობებში( აჭარის ავტონომიური რესპუბლიკის მაგალითზე)
653 _aეკონომიკა
653 _aსადოქტორო ნაშრომი შესრულებულია ბიზნესის ადმინისტრირების დოქტორის აკადემიური ხარისხის მოსაპოვებლად
700 _aმანველიძე, რეზო
_eსამეცნიერო ხელმძღვანელი
_91497
710 _aბათუმის შოთა რუსთაველის სახელმწიფო უნივერსიტეტი ბიზნესის ადმინისტრირების მენეჯმენტის და მარკეტინგის დარგობრივი დეპარტამენტი
_914303
942 _2udc
_cDS